The modern reading of Bhagavad Gita / (Record no. 142200)
[ view plain ]
| 000 -LEADER | |
|---|---|
| fixed length control field | 00529nam a22001817a 4500 |
| 005 - DATE AND TIME OF LATEST TRANSACTION | |
| control field | 20170630114933.0 |
| 010 ## - LCCN (DPL NO) | |
| LC control number | ENG-119075 |
| 020 ## - INTERNATIONAL STANDARD BOOK NUMBER | |
| Terms of availability | 450.00 |
| International Standard Book Number | 9789381399354 |
| 035 ## - SYSTEM CONTROL NUMBER | |
| System control number | EN-102607 |
| 037 ## - SOURCE OF ACQUISITION | |
| Source of stock number/acquisition | DBAD/PUB |
| 082 ## - DEWEY DECIMAL CLASSIFICATION NUMBER | |
| Classification number | 294.5924046 |
| 100 ## - MAIN ENTRY--PERSONAL NAME | |
| Personal name | Radhakrishnan, C. |
| 245 ## - TITLE STATEMENT | |
| Title | The modern reading of Bhagavad Gita / |
| Statement of responsibility, etc | by C. Radhakrishnan |
| 260 ## - PUBLICATION, DISTRIBUTION, ETC. (IMPRINT) | |
| Place of publication, distribution, etc | Kochi |
| Name of publisher, distributor, etc | Hi - Tech Books |
| Date of publication, distribution, etc | 2016 |
| 270 ## - ADDRESS | |
| Address | Azad Road, Kaloor |
| City | Kochi |
| Postal code | 682017 |
| 300 ## - PHYSICAL DESCRIPTION | |
| Extent | 475p. |
| Dimensions | 21cm(pbk) |
| 942 ## - ADDED ENTRY ELEMENTS (KOHA) | |
| Source of classification or shelving scheme | Dewey Decimal Classification |
| Item type | English Books |
| Classification part | 294.5924046 |
| Call number suffix | RAD |
| Withdrawn status | Lost status | Not for loan | Collection code | Home library | Current library | Date acquired | Source of acquisition | Cost, normal purchase price | Full call number | Barcode | Copy number | Cost, replacement price | Koha item type |
|---|---|---|---|---|---|---|---|---|---|---|---|---|---|
| Non-fiction | Shahdara Branch | Shahdara Branch | 30/06/2017 | DBAD/PUB | 450.00 | 294.5924046 RAD | EN-102607 | 1 | 450.00 | English Books |
